Jed nášho milovania

Bibliographic Details
Main Author: Šimulčíková, Jana, 1937-2025 (Author)
Format: Book
Language:Slovak
PhysicalDescription:167 s. 21 cm
Published: Bratislava Ikar 2009
ISBN:9788055119700
Edition:1. vyd.
Subjects:

MARC

LEADER 00000cam a2200000 a 4500
001 vtls009483680
003 SK-MaSNL
005 20260301024651.0
008 240318s2009 xo g 000 jdslo
015 |a SNBA2009/11-05517 
020 |a 9788055119700  |q (viaz.) 
035 |a 8DF88B4D-0087-412B-A20A-C70B1FF6F2E0 
035 |a urn:nbn:sk:snk-amk1qj 
035 |a urn:nbn:sk:snk-am008645 
040 |a SNK  |b slo  |c SNK  |e AACR2 
041 0 |a slo 
044 |a xo  |c SK 
072 7 |a 821.162.4-3  |x Slovenská próza  |2 konspekt 
080 |a 821.162.4-32  |2 2001 
080 |a 364.63-027.553  |2 2001 
100 1 |a Šimulčíková, Jana,  |d 1937-2025  |4 aut  |9 190254 
245 1 0 |a Jed nášho milovania  |c Jana Šimulčíková 
250 |a 1. vyd. 
260 |a Bratislava  |b Ikar  |c 2009 
300 |a 167 s.  |c 21 cm 
650 0 7 |a domáce násilie  |2 SNKPH  |9 3888 
655 7 |a slovenské príbehy  |2 SNKPH  |9 70494 
919 |a 978-80-551-1970-0 
958 |a LX 
958 |a OND 
968 |d 821 
999 |c 571590  |d 573520 
952 |a SNK  |b SNK  |y PREZ  |7 0  |p 17A0619735  |o snkSC 135420  |i snk2009/7764  |8 0  |0 0  |1 0  |4 0  |d 2009-04-27  |l 0  |r 2025-07-01 00:00:00  |w 2026-02-23 
952 |a SNK  |b SNK  |y PREZ  |7 0  |p 17A0619736  |o snkSC 135420 D1  |i snk2009/7765  |8 0  |0 0  |1 0  |4 0  |d 2009-04-27  |f 1  |l 0  |r 2026-02-23 14:19:05  |w 2026-02-23